Male Names in Movie Titles - Statistics

General Stats
  • This quiz has been taken 147 times
    29 since last reset
  • The average score is 26 of 41
Answer Stats
Year Movie % Correct
1990 {Edward} Scissorhands
97%
1994 {Forrest} Gump
97%
2003 {Bruce} Almighty
93%
2005 {Charlie} and the Chocolate Factory
93%
2012 {Jack} Reacher
93%
2015 Mad {Max}: Fury Road
93%
1998 Who Framed {Roger} Rabbit
93%
1971 Dirty {Harry}
90%
1962 {Lawrence} of Arabia
90%
1998 Saving Private {Ryan}
90%
2007 {Alvin} and the Chipmunks
83%
1998 Meet {Joe} Black
83%
2008 The Curious Case of {Benjamin} Button
83%
1996 {Jerry} Maguire
79%
1999 {Stuart} Little
79%
1997 {George} of the Jungle
76%
1992 My Cousin {Vinny}
72%
1992 {Wayne}'s World
72%
1990 {Dick} Tracy
69%
1999 The {Thomas} Crown Affair
69%
2000 {Billy} Elliot
66%
1997 {Donnie} Brasco
66%
2006 {John} Tucker Must Die
59%
2025 {Marty} Supreme
59%
2010 The Book of {Eli}
59%
2007 {Evan} Almighty
55%
2007 Good Luck {Chuck}
55%
2016 {Eddie} the Eagle
52%
2001 I Am {Sam}
52%
2004 The Life Aquatic With {Steve} Zissou
52%
1993 {Carlito}'s Way
48%
1994 {Leon}: The Professional
48%
1999 {Mickey} Blue Eyes
48%
1975 {Barry} Lyndon
45%
2007 {Michael} Clayton
45%
2009 I Love You {Phillip} Morris
34%
1988 {Oliver} & Company
34%
2018 {Christopher} Robin
31%
2003 The Life of {David} Gale
21%
2001 {Jason} X
14%
2007 Loving {Vincent}
3%
No matching quizzes found
Score Distribution
Percent of People with Each Score
Percentile by Number Answered
Your Score History
You have not taken this quiz since the last reset